000 00918nam a2200253 a 4500
005 20090827154727.0
008 070919s2007 ii b 000 0 eng
010 _aENG-94938
020 _a9789380000381
_c100.00
035 _aEN-78471
037 _bDBAD / PUB
040 _adpl
_bEnglish
082 _a628.161
100 _aEdison Raj, C.L.
245 _aWater analysis /
_cby C.L. Edison Raj
260 _aChennai
_bThe Parkar
_c2007
270 _a293, Ahamed Complex, 2nd Floor, Royapettah High Road, Royapettah,
_bChennai
_e600014
300 _a144p.
_c22cm(pbk)
500 _aIncludes index
650 _aWater
_xAnalysis
650 _aWater quality
_xEvaluation
942 _2ddc
_cEN
_mEDI
_h628.161
999 _c29708
_d29708